000 02028cam a22004694i 4500
003 PE-LiUPU
005 20250731173406.0
008 150706s2007 miu rb 000 0 spa d
035 _a(Sirsi) a49923
040 _aPE-LiUPU
_bspa
_cPE-LiUPU
_erda
049 _aPRUA
082 0 4 _a232
_bN94
_221
100 1 _aNúñez, Miguel,
_eautor.
245 1 1 _a¿Y quién es Jesús? :
_bun enfoque práctico acerca del hombre que cambió la historia /
_cMiguel Núñez.
264 1 _aMichigan :
_bPORTAVOZ,
_c2007.
300 _a160 páginas ;
_c22 centímetros
336 _atext
_2rdacontent
337 _aunmediated
_2rdamedia
338 _avolume
_2rdacarrier
504 _aIncluye bibliografía.
505 0 _aLa importancia de conocer la persona de Jesús -- Jesús como Dios -- Jesús como hombre -- Jesús como Salvador -- Jesús como siervo -- Jesús como profeta, sacerdote y rey -- Jesús como maestro -- Jesús como líder -- La santidad de Jesús -- Las afirmaciones de Jesús sobre sí mismo -- Las predicciones acerca de Jesús -- Jesús y las implicaciones de su resurrección Jesús en el Pentateuco -- Jesús como personaje único en la historia¿Por qué Jesús y no otros -- dioses.
526 _aSEG42
526 _aSEG41
526 _aSEG40
526 _aSEG39
526 _aP94
526 _aP87
526 _aP86
526 _aP85
526 _aP77
526 _aP76
526 _aP35
541 _g001-001094;
600 1 _aJesucristo
650 0 4 _aCristología.
910 _agl
_bjv
_cng
_d20110811
942 _2ddc
_cBOOK
949 _a232 N94
_wDEWEY
_c1
_i63319
_lCCODEBUL1
_mBUL
_p10.00
_r0
_sY
_tLIBRO
_u2015-07-06
_xTEOLOGIA
_PP35
_o.STAFF. Colección General
994 _aC0
_bPEPRU
596 _a1
999 _a232 N94
_wDEWEY
_c52322
_i63319
_d52322
_e2018-10-25
_f2021-11-10
_g5
_lCCODEBUL1
_mBUL
_n9
_p10.00
_q3
_r0
_sY
_tBOOK
_u2015-7-6
_xTEOLOGIA
_PP35
_0COMPRA
_o.STAFF. Colección Teología
980 _81
_gALBERTO SANCHEZ Responsable de Automatización